Xây dựng hệ chuyên gia tư vấn hướng nghiệp tại trường THPT Trần Cao Vân
Ứng dụng hệ chuyên gia và lĩnh vực công nghệ tri thức xây dựng hệ chuyên gia tư vấn hướng nghiệp nhằm phần nào hỗ trợ công tác tư vấn hướng nghiệp, đồng thời giúp các người học tự định hướng chính xác hơn về nghề nghiệp phù hợp với mình. Giúp cho học sinh có định hướng đúng khi chọn nghề dựa trên cơ...
में बचाया:
| मुख्य लेखक: | |
|---|---|
| अन्य लेखक: | |
| स्वरूप: | पुस्तक |
| भाषा: | Vietnamese |
| प्रकाशित: |
Đà Nẵng
Trường Đại học sư phạm Đà Nẵng
2017
|
| विषय: | |
| टैग : |
टैग जोड़ें
कोई टैग नहीं, इस रिकॉर्ड को टैग करने वाले पहले व्यक्ति बनें!
|
| Thư viện lưu trữ: | Mạng thư viện Đại học Đà Nẵng |
|---|
| LEADER | 02170nam a2200349 4500 | ||
|---|---|---|---|
| 001 | 000024967 | ||
| 003 | 21458 | ||
| 005 | 20170419100417.0 | ||
| 008 | 170410s2017 viesd | ||
| 041 | |a vie | ||
| 082 | 1 | 4 | |a 006.33 |b ĐI-V |
| 100 | 1 | |a Đinh Thế Vũ | |
| 245 | 1 | |a Xây dựng hệ chuyên gia tư vấn hướng nghiệp tại trường THPT Trần Cao Vân |c Đinh Thế Vũ ; Trần Quốc Chiến hướng dẫn. |k Luận văn Thạc sĩ | |
| 260 | |a Đà Nẵng |b Trường Đại học sư phạm Đà Nẵng |c 2017 | ||
| 300 | |a 74 tr., phụ lục 3 tr. |c 29 cm. |e Tóm tắt | ||
| 500 | |a Luận văn thạc sĩ . Chuyên ngành: Hệ thống thông tin. Mã số: 60.48.01.04 | ||
| 520 | 3 | |a Ứng dụng hệ chuyên gia và lĩnh vực công nghệ tri thức xây dựng hệ chuyên gia tư vấn hướng nghiệp nhằm phần nào hỗ trợ công tác tư vấn hướng nghiệp, đồng thời giúp các người học tự định hướng chính xác hơn về nghề nghiệp phù hợp với mình. Giúp cho học sinh có định hướng đúng khi chọn nghề dựa trên cơ sở hiểu biết khoa học về nghề nghiệp, về năng lực, sở trường của bản thân, hoàn cảnh gia đình, những yêu cầu của nghề đối với người lao động, triển vọng phát triển của nghề ở địa phương và nhu cầu nhân lực xã hội.. | |
| 650 | 0 | 4 | |a Hệ chuyên gia |v Luận văn tốt nghiệp |x Hệ thống tư vấn |x Tin học ứng dụng |
| 653 | |a Hệ thống thông tin | ||
| 653 | |a Chuyên gia tư vấn | ||
| 653 | |a Hướng nghiệp | ||
| 700 | 1 | |a Trần Quốc Chiến |c PGS.TSKH |e Hướng dẫn | |
| OWN | |a LSP | ||
| AVA | |a UDN50 |b LSP |d 006.33 ĐI-V |e available |t Error 5001 Not defined in file expand_doc_bib_avail. |f 1 |g 0 |h N |i 0 |k 1 | ||
| 999 | |a From the UDN01 | ||
| AVA | |a UDN50 |b LSP |d 006.33 ĐI-V |e available |t Error 5001 Not defined in file expand_doc_bib_avail. |f 1 |g 0 |h N |i 0 |k 1 | ||
| TYP | |a Monograph | ||
| TYP | |a Printed language | ||
| 980 | |a Mạng thư viện Đại học Đà Nẵng | ||